| 000 | 00850cab a2200241 4500 | ||
|---|---|---|---|
| 001 | WB3122-45 | ||
| 008 | 090401t1995 xxu||||| |||| 00| 0 eng d | ||
| 035 | _a(Sirsi) u70493 | ||
| 041 | _aeng | ||
| 245 | _aProperty Misdescriptions ruling | ||
| 260 | _c1995 | ||
| 350 | _a0 | ||
| 490 |
_aGuardian _v3 June 1995, 31(1) |
||
| 520 | _aAt a county court preliminary hearing it was decided that a prosecution under the Property Misdescriptions Act 1991 for a boiler which needed repairs would be a waste of court`s time and public money. The estate agency agreed to pay £500 towards the repairs required. | ||
| 650 | _aBLACK HORSE AGENCIES | ||
| 650 | _aCLWYD CC | ||
| 650 | _aMOLD | ||
| 650 | _aNEGLIGENCE | ||
| 650 | _aPARTICULARS | ||
| 690 | _aMANAGEMENT-BUSINESS MANAGEMENT-PROFESSIONAL PRACTICE | ||
| 942 | _n0 | ||
| 948 | _c04/03/1997 | ||
| 999 |
_c44341 _d44341 |
||